000 01968nam a22002537a 4500
003 Uzh_bibl
008 260429b |||||||| |||| 00| 0 ukr d
020 _c1.60
040 _aукр.
041 _2ukr
_aukr
080 _a821(477)
090 _a821(477)
_bМ 93
100 _aМушкетик, Юрій
245 _aВернися в дім свій
_hТекст
260 _aКиїв
_bРадянський письменник
_c1981
300 _a373 с.
_fВ опр.
520 _aУ центрі твору відомого українського радянського письменника — образ сучасного архітектора Тищенка, людини чистої, відданої справі, людини високих устремлінь і моралі. Автор досліджує вічні питання добра, справедливості, обов'язку перед собою й перед суспільством, ставить персонажів роману у складні життєві ситуації, які вимагають від них граничного напруження волі, повного й глибокого виявлення найкращих людських якостей, показує своїх героїв у їхньому нелегкому коханні.
521 _aДля широкого кола читачів
546 _aукр.
650 _aЛітературно-художнє видання
_yДруга половина ХХ століття (радянський період, сучасний авторові час)
_zУкраїна (переважно міське середовище, ймовірно Київ)
653 _aОбов’язок
_aМораль
_aКохання
_aВибір
_aСуспільство
655 _aРоман (соціально-психологічний)
_vРоман
942 _2udc
_cBK
999 _c17552
_d17552